000 01084nam a22002417a 4500
001 BRCA_9190
003 FranzMayer
005 20220809132707.0
008 220706b |||||||| |||| 00| 0 spa d
020 _a9786076052853
_qInstituto Nacional de Bellas Artes
040 _bspa
_cMFM
041 1 _aspa
050 _aTR647.H4
_bH46 2014
245 _aHenri Cartier-Bresson
260 _aMadrid :
_bFundación Mapfre
_cc 2014
300 _a397 p. :
_bil. y fot. ;
_c25.5 x 30 cm.
500 _aUbicación: L59-N5
504 _aBibliografía seleccionada: p. 394-397
520 _aObra publicada con ocasión de la exposición "Henri Cartier-Bresson"; Presentada en París, en el Centre Pompidou, Galerie 2, febrero-junio 2014; en Madrid, en FUNDACIÓN MAPFRE, junio-septiembre 2014;en Roma, en el Museo dell'Ara Pacis, septiembre 2014-enero 2015en la Ciudad de México, en el Museo del Palacio de Bellas Artes, febrero-abril 2015
600 _aCartier-Bresson, Henri,‏
_d1908-2004
_vExposición
_xFotografía
_ySiglo XX
_928426
942 _2lcc
_cB
999 _c10809
_d10809